La rue / (Registro nro. 175975)

Detalles MARC
000 -LEADER
campo de control de longitud fija 00800nam a2200253 i 4500
001 - NÚMERO DE CONTROL
campo de control 175975
003 - IDENTIFICADOR DE NÚMERO DE CONTROL
campo de control ES-MaACL
005 - FECHA Y HORA DE LA ÚLTIMA TRANSACCIÓN
campo de control 20230906215945.0
008 - DATOS DE LONGITUD FIJA--INFORMACIÓN GENERAL
campo de control de longitud fija 101202s1986 fr a |||| | fre d
020 ## - NÚMERO INTERNACIONAL ESTÁNDAR DEL LIBRO
Número Internacional Estándar del Libro 2-85025-117-8
080 ## - NÚMERO DE LA CLASIFICACIÓN DECIMAL UNIVERSAL
Número de la Clasificación Decimal Universal 7.036:069
100 1# - ENTRADA PRINCIPAL--NOMBRE DE PERSONA
Nombre de persona Georgel, Chantal.
9 (RLIN) 141594
245 13 - MENCIÓN DEL TÍTULO
Título La rue /
Mención de responsabilidad, etc. par Chantal Georgel.
260 ## - PUBLICACIÓN, DISTRIBUCIÓN, ETC.
Lugar de publicación, distribución, etc. Paris :
Nombre del editor, distribuidor, etc. Hazan,
Fecha de publicación, distribución, etc. [1986]
300 ## - DESCRIPCIÓN FÍSICA
Extensión 95 p. :
Otras características físicas il. col. y n. ;
Dimensiones 24 cm.
490 1# - MENCIÓN DE SERIE
Mención de serie XIXe Siècle / histoire ;
Designación de volumen o secuencia 1
500 ## - NOTA GENERAL
Nota general Índice de 62 ilustraciones.
504 ## - NOTA DE BIBLIOGRAFÍA, ETC.
Nota de bibliografía, etc. Bibliografía: p. 95.
650 #4 - PUNTO DE ACCESO ADICIONAL DE MATERIA--TÉRMINO DE MATERIA
Término de materia o nombre geográfico como elemento de entrada Pintura europea-
Subdivisión cronológica S.XIX.
9 (RLIN) 143927
650 #4 - PUNTO DE ACCESO ADICIONAL DE MATERIA--TÉRMINO DE MATERIA
Término de materia o nombre geográfico como elemento de entrada Ciudades-
Subdivisión general En el arte.
9 (RLIN) 158832
830 0# - PUNTO DE ACCESO ADICIONAL DE SERIE-TÍTULO UNIFORME
Título uniforme XIXe Siècle / histoire ;
Designación de volumen o secuencia 1
9 (RLIN) 223947
852 1# - LOCALIZACIÓN
Ubicación BA
Número de control de estantería 2304-F-11
Nota libre . - Biblioteca Jacinto Martínez Lacalle
Existencias
Estatus retirado Estado de pérdida Estado de daño No para préstamo Colección Biblioteca de origen Biblioteca actual Ubicación en estantería Fecha de adquisición Fuente de adquisición Total de préstamos Signatura topográfica completa Código de barras Visto por última vez Precio de reemplazo Tipo de ítem Koha
        Colección de folletos Biblioteca del Ateneo de Madrid Biblioteca del Ateneo de Madrid Depósito folletos 02/12/2010     2304-F-11 1184798 23/02/2023 23/02/2023 Folleto